000
00328pab a2200157 454500
008
180718b2013 xxu||||| |||| 00| 0 eng d
100
_a
Roy, Dunu
245
_a
Whose city?
260
_c
2013
300
_a
p.27-31.
362
_a
Aug
650
_a
Urban development
773
_a
Seminar
908
_a
N
909
_a
100993
999
_c
100992
_d
100992